Indian Journal of Industrial Relations

Detalles Bibliográficos
Formato: eBook
Lenguaje:inglés
Publicado: Nueva Delhi: Shri Ram Centre for Industrial Relations and Human Resources, 2008 -
Materias:
Acceso en línea:Acceso restringido

MARC

LEADER 00000nam a22000007a 4500
005 2019092607237.0
007 cr|||| ||||
008 190926c20089999in qr|w s|||| 0|||b1eng d
022 |a 0019-5286 
035 |a 5458 
040 |a vLex 
090 |c 9641  |d 9641 
245 0 0 |a Indian Journal of Industrial Relations  |h [Recurso electrn̤ico] / 
256 |a Servicio en ln̕ea 
260 |a Nueva Delhi:  |b Shri Ram Centre for Industrial Relations and Human Resources,  |c 2008 - 
300 |a 1 recurso electrn̤ico 
310 |a Trimestral 
506 1 |a Disponible solo en los productos indicados  |d vLex Global  |d vLex Global (Academic Edition, excluding Law Schools)  |d vLex Global (U.S. Academic Edition, Law Schools)  |d vLex Global (U.S. Academic Edition, excluding Law Schools)  |d vLex Global (Academic Edition, Law Schools) 
650 0 4 |a Derecho Pb︢lico y Administrativo  |z India 
650 0 4 |a Derecho Mercantil y de la Empresa  |z India 
740 0 |a vLex Revistas (Servicio en ln̕ea) 
856 4 0 |u http://vlex.com/source/indian-journal-industrial-relations-5458  |z Acceso restringido 
942 |c REV 
999 0 |a Public and Administrative Law 
999 0 |a Commercial and Business Law